| 000 | 00723cam a22002533a 4500 | ||
|---|---|---|---|
| 001 | 15125 | ||
| 003 | PGUSA | ||
| 005 | 20140828083326.0 | ||
| 008 | 050221s2005||||xxu|||||s|||||000 | eng d | ||
| 040 |
_aPGUSA _beng |
||
| 042 | _adc | ||
| 050 | 4 | _aDS | |
| 100 | 1 |
_aMartin, W. A. P. _q(William Alexander Parsons), _d1827-1916 |
|
| 245 | 1 | 4 |
_aThe Awakening of China _h[electronic resource] / _cW. A. P. Martin |
| 260 |
_bProject Gutenberg, _c2005 |
||
| 506 | _aPublic domain in the USA. | ||
| 516 | _aElectronic text | ||
| 653 | _aEastern question (Far East) | ||
| 653 | _aChina -- History | ||
| 653 | _aChina | ||
| 830 | 0 |
_aProject Gutenberg _v15125 |
|
| 856 | 4 | 0 | _uhttp://www.gutenberg.org/ebooks/15125 |
| 942 | _cEB | ||
| 999 |
_c244380 _d244380 |
||